First Ladies Minus the Mrs. Quiz Stats

 Plays Quiz not verified by Sporcle

Score 0/11 Timer 04:00
0 Plays Today
Relationship First Lady % Correct
Daughter and FriendMartha Jefferson Randolph and Dolley Madison
89.4%
SisterRose Elizabeth Cleveland
69.3%
Daughter-in-LawAngelica Singleton Van Buren
65.9%
Daughter-in-LawPriscilla Cooper Tyler
65.9%
DaughterMary Harrison McKee
65.9%
DaughterMary Elizabeth Taylor Bliss
62.9%
SisterMary Arthur McElroy
61%
Daughter-in-LawJane Findlay Irwin Harrison
59.8%
NieceHarriet Lane
58%
DaughterMartha Johnson Patterson
57.2%
NieceEmily Donelson
46.6%

You're not logged in!

Compare scores with friends on all Sporcle quizzes.
OR
Log In

Show Comments

Extras

Top Quizzes Today


Score Distribution

Your Account Isn't Verified!

In order to create a playlist on Sporcle, you need to verify the email address you used during registration. Go to your Sporcle Settings to finish the process.

Report this User

Report this user for behavior that violates our Community Guidelines.

Details: